000 01983nam a2200469Ia 4500
001 ebr10110256
003 CaPaEBR
006 m u
007 cr cn|||||||||
008 010309s2001 nyu sb 001 0 eng d
010 _z 2001021548
015 _aGBA1-V5936
020 _z0312292694
020 _z0312240074
040 _aCaPaEBR
_cCaPaEBR
035 _a(OCoLC)560014621
050 1 4 _aPR438.I36
_bH39 2001eb
082 0 4 _a820.9/38291218
_221
100 1 _aHawkes, David,
_d1964-
245 1 0 _aIdols of the marketplace
_h[electronic resource] :
_bidolatry and commodity fetishism in English literature, 1580-1680 /
_cDavid Hawkes.
250 _a1st ed.
260 _aNew York :
_bPalgrave,
_c2001.
300 _aviii, 294 p.
490 1 _a[Early modern cultural studies, 1500-1700]
500 _aSeries from jacket.
504 _aIncludes bibliographical references (p. [231]-288) and index.
533 _aElectronic reproduction.
_bPalo Alto, Calif. :
_cebrary,
_d2009.
_nAvailable via World Wide Web.
_nAccess may be limited to ebrary affiliated libraries.
650 0 _aEnglish literature
_yEarly modern, 1500-1700
_xHistory and criticism.
650 0 _aIdolatry in literature.
650 0 _aChristianity and literature
_zGreat Britain
_xHistory
_y17th century.
650 0 _aChristianity and literature
_zGreat Britain
_xHistory
_y16th century.
650 0 _aEconomics and literature
_zGreat Britain
_xHistory
_y17th century.
650 0 _aEconomics and literature
_zGreat Britain
_xHistory
_y16th century.
650 0 _aProtestantism and literature
_xHistory.
650 0 _aConsumption (Economics) in literature.
650 0 _aMaterialism in literature.
650 0 _aFetishism in literature.
655 7 _aElectronic books.
_2local
710 2 _aebrary, Inc.
830 0 _aEarly modern cultural studies.
856 4 0 _uhttp://site.ebrary.com/lib/rucke/Doc?id=10110256
_zAn electronic book accessible through the World Wide Web; click to view
999 _c211398
_d211398